<?xml version="1.0" encoding="UTF-8"?>
<collection xmlns="http://www.loc.gov/MARC21/slim">
 <record>
  <leader>01938nam a2200301 a 4500</leader>
  <controlfield tag="001">TVCDKTCT2183</controlfield>
  <controlfield tag="003">Thư viện trường Cao đẳng Kỹ thuật Cao Thắng</controlfield>
  <controlfield tag="005">20050815000000</controlfield>
  <controlfield tag="008">050815</controlfield>
  <datafield tag="980" ind1="\" ind2="\">
   <subfield code="a">Thư viện Trường CĐ Kỹ Thuật Cao Thắng</subfield>
  </datafield>
  <datafield tag="024" ind1=" " ind2=" ">
   <subfield code="a">RG_1 #1 eb0 i1</subfield>
  </datafield>
  <datafield tag="041" ind1="0" ind2="#">
   <subfield code="a">vie</subfield>
  </datafield>
  <datafield tag="082" ind1="#" ind2="#">
   <subfield code="a">671.2 / </subfield>
   <subfield code="b">H428Đ-đ</subfield>
  </datafield>
  <datafield tag="100" ind1="1" ind2="#">
   <subfield code="a">Đinh Ngọc Lựa, </subfield>
   <subfield code="e">Người dịch</subfield>
  </datafield>
  <datafield tag="245" ind1="0" ind2="0">
   <subfield code="a">Hỏi đáp về đúc gang /</subfield>
   <subfield code="c">Đinh Ngọc Lựa</subfield>
  </datafield>
  <datafield tag="250" ind1="#" ind2="#">
   <subfield code="a">In lần thứ 1</subfield>
  </datafield>
  <datafield tag="260" ind1="#" ind2="#">
   <subfield code="a">H. :</subfield>
   <subfield code="b">Khoa học và kỹ thuật ,</subfield>
   <subfield code="c">1979</subfield>
  </datafield>
  <datafield tag="300" ind1="#" ind2="#">
   <subfield code="a">318tr. ;</subfield>
   <subfield code="c">19cm</subfield>
  </datafield>
  <datafield tag="520" ind1="#" ind2="#">
   <subfield code="a">Cuốn sách này được xuất bản nhằm đáp ứng nhu cầu nâng kiến thức cơ bản cho đông đảo bạn đọc nhất là những người đang trực tiếp làm việc trong các xưởng đúc ở nhà máy cơ khí, các hợp tác xã, các xưởng nhỏ ở địa phương, thông qua các câu hoi được chọn lọc và giải đáp giúp nắm vững  các hiểu biết cơ bản về kỹ thuật, từ đó vận dụng vào công việc hàng ngày để nâng cao chất lượng sản phẩm và năng suất lao động. Tài liệu gồm 8 chương</subfield>
  </datafield>
  <datafield tag="520" ind1="#" ind2="#">
   <subfield code="a">Chương I : Khái niệm chung về kim loại và hợp kim đúc</subfield>
  </datafield>
  <datafield tag="520" ind1="#" ind2="#">
   <subfield code="a">Chương II : Khái niệm chung về sản xuất đúc</subfield>
  </datafield>
  <datafield tag="520" ind1="#" ind2="#">
   <subfield code="a">Chương III : Chế tạo mẫu đúc</subfield>
  </datafield>
  <datafield tag="520" ind1="#" ind2="#">
   <subfield code="a">Chương IV : Vât liệu làm khuôn ruột</subfield>
  </datafield>
  <datafield tag="520" ind1="#" ind2="#">
   <subfield code="a">Chương V : Hỗn hợp làm khuôn, ruột</subfield>
  </datafield>
  <datafield tag="520" ind1="#" ind2="#">
   <subfield code="a">Chương VI : Làm khuôn và ruột</subfield>
  </datafield>
  <datafield tag="520" ind1="#" ind2="#">
   <subfield code="a">Chương VII : Nấu gang</subfield>
  </datafield>
  <datafield tag="520" ind1="#" ind2="#">
   <subfield code="a">Chương VIII : Dơ khuôn và làm sạch vật đúc</subfield>
  </datafield>
  <datafield tag="650" ind1="#" ind2="4">
   <subfield code="a">Cơ khí--Đúc gang</subfield>
  </datafield>
 </record>
</collection>
